[Event "Novi Sad Winter op"]
[Site "Novi Sad"]
[Date "2014.01.11"]
[Round "2"]
[White "Ratic, Zoran"]
[Black "Simovic, Zarko"]
[Result "1/2-1/2"]
[WhiteElo "1930"]
[BlackElo "1951"]
[PlyCount "136"]
[EventDate "2014.01.10"]
[EventType "swiss"]
[EventRounds "9"]
[EventCountry "SRB"]
[SourceTitle "CBM 158 Extra"]
[Source "ChessBase"]
[SourceDate "2014.02.28"]
[SourceVersion "1"]
[SourceVersionDate "2014.02.28"]
[SourceQuality "1"]

1. Nf3 Nf6 2. d4 g6 3. g3 Bg7 4. Bg2 d6 5. c4 0-0 6. 0-0 Nbd7 7. Nc3 c6 8. e4 e5 9. d5 cxd5 10. cxd5 Nc5 11. Re1 a5 12. a4 Bd7 13. Bg5 h6 14. Bxf6 Bxf6 15. Nd2 Bg7 16. Nc4 Ra6 17. Rb1 f5 18. b4 axb4 19. Rxb4 Nxa4 20. Nxa4 b5 21. Nab2 bxc4 22. Nxc4 fxe4 23. Bxe4 Qf6 24. Qc2 Bh3 25. Reb1 Bf5 26. Bxf5 Qxf5 27. Qxf5 Rxf5 28. Rb8+ Rf8 29. R8b6 Ra2 30. R1b2 Rxb2 31. Rxb2 e4 32. Re2 Rf5 33. Nxd6 Rxd5 34. Nxe4 Rd4 35. h4 Kf7 36. Kg2 Bf8 37. g4 Be7 38. Kg3 Rd3+ 39. Re3 Rd1 40. h5 Rg1+ 41. Kf3 gxh5 42. gxh5 Rb1 43. Kg4 Rb4 44. f3 Rb1 45. Rc3 Rh1 46. Ng3 Rh4+ 47. Kf5 Bd6 48. Ne2 Rxh5+ 49. Kg4 Rg5+ 50. Kh4 Be7 51. Kh3 Bf6 52. Rc7+ Be7 53. Ng3 Ke8 54. Rc6 Bf8 55. f4 Rb5 56. f5 Rb3 57. Kg4 Rb4+ 58. Kh5 Kd7 59. Rf6 Be7 60. Rf7 Ke8 61. Rg7 Kf8 62. Rg4 Rxg4 63. Kxg4 Kf7 64. Ne4 Bb4 65. Nf2 Bc5 66. Nd3 Bd6 67. Nb2 Kf6 68. Nc4 h5+ 1/2-1/2